000 01555nam a2200469 i 4500
001 53300
003 KOSZ 005
005 20191021132345.0
008 030912s2003 pl a |000 0 pol
015 _aPB 2003/15389
020 _a8389211203
_z838921203
035 _a991021540819705066
035 _a(PL-WaBN)b15824202-48omnis_nlop
035 _ab15824202
035 _a(OCoLC)749266396
035 _a(PL)b0000001582420
035 _a(EXLNZ-48OMNIS_NETWORK)9910328644605606
040 _aWA N
_cWA N
_dKOSZ 005/HR
041 0 _apol
080 _a637.5
080 _a(075.3.053.7)
100 1 _aKrólak, Alicja
_eAutor
245 1 0 _aTechnologia przetwórstwa mięsa :
_bpodręcznik dla uczniów zasadniczej szkoły zawodowej /
_cAlicja Królak.
260 _aWarszawa :
_b"Hortpress",
_c2003.
300 _a223 s. :
_bil. ;
_c21 cm.
336 _2rdacontent
_aTekst
_btxt
337 _2rdamedia
_aBez urządenia pośredniczącego
_bn
338 _2rdacxarrier
_aWolumin
_bnc
380 _aKsiążki
380 _aPublikacje dydaktyczne
385 _mPoziom nauczania
_aSzkoły zawodowe
388 _a2001-
500 _aNa s. red. błędny ISBN.
650 7 _aMięso
_2DBN
650 7 _aTechnologia żywności
650 7 _aPrzemysł mięsny
655 7 _aPodręczniki dla szkół zawodowych
_2DBN
658 _aRolnictwo i leśnictwo
856 _uhttp://koha.tu.koszalin.pl/cgi-bin/koha/opac-detail.pl?biblionumber=53300
_yKatalog online BPK
942 _2UKD
_cKS
999 _c53300
_d53300